000 00477nam a2200193Ia 4500
005 20250305050536.0
008 240331s9999 xx 000 0 und d
082 _bBAL
_22596
_a920
100 _a Bala, K
245 0 _aSinthanaiyalar Aristotle:
_bSinthanaiyalar Varisai - 6
250 _a5th Edition
260 _aChennai
_bPrema Parisuram
_c1992
300 _a140 p.,
650 _aScience
650 _aEthics
650 _aPhilosophy
650 _aPolitics
942 _cL
999 _c4263
_d4263